| 000 | 00637nam a22002177a 4500 | ||
|---|---|---|---|
| 003 | UA-OsUOA | ||
| 001 | 128997 | ||
| 007 | ta | ||
| 008 | 20180212b un ||||| |||| 00| 0 ukr d | ||
| 090 |
_a038 _bЭ68 |
||
| 942 | _cRB | ||
| 040 |
_aUA-OsUOA _brus _cUA-OsUOA _dUA-OsUOA |
||
| 245 |
_aЭнциклопедический словарь _cред. И. Е. Андреевский _nТ. 46 (23) |
||
| 300 | _a958 с. | ||
| 955 | _a2 | ||
| 041 | _arus | ||
| 080 | _a038 | ||
| 260 |
_aСПб _bЕфрон _c1896 |
||
| 250 | _nиздатели Ф. А. Брокгаузъ, И. А. Ефронъ | ||
| 650 | 7 |
_a0 Загальний відділ. _2UDC |
|
| 999 |
_c416765 _d416765 |
||